الإنتفاضة في الأدب الشعبي الفلسطيني في شمال فلسطين /
Saved in:
| 主要作者: | |
|---|---|
| 其他作者: | |
| 格式: | Thesis |
| 语言: | Arabic |
| 出版: |
Nabulus :
Jami'at al-Najah al-Wataniyah,
2006
|
| 主题: | |
| 标签: |
添加标签
没有标签, 成为第一个标记此记录!
|
| LEADER | 017870000a22003370004500 | ||
|---|---|---|---|
| 008 | 131126s2006 gz f 000 0 ara d | ||
| 040 | |a UIAM |b eng | ||
| 041 | |a ara | ||
| 050 | 0 | |a PJ7542.I58 | |
| 100 | 1 | |a جبر، سيرين سعدي مصطفى | |
| 242 | 1 | 3 | |a al-Intifadah fi-al-adab al-sha'bi al-Falastini fi shimal Falastin |
| 245 | 1 | 2 | |a الإنتفاضة في الأدب الشعبي الفلسطيني في شمال فلسطين / |c إعداد، سيرين سعدي مصطفى جبر |
| 246 | 3 | |a Intifada on folk literature in the North of Palestine | |
| 260 | |a Nabulus : |b Jami'at al-Najah al-Wataniyah, |c 2006 | ||
| 300 | |a x, 191 leaves ; |c 30 cm. | ||
| 500 | |a " قدمت هذه الأطروحة إستكمالا لمتطلبات درجة الماجستير في اللغة العربية بكلية الدراسات العليا في جامعة النجاح الوطنية في نابلس، فلسطين " --On t.p. | ||
| 500 | |a Abstract in English and Arabic. | ||
| 502 | |a Thesis (M.A.)--Jami'at al-Najah al-Wataniyah, 2006. | ||
| 504 | |a Includes bibliographical references (leaves 187-191). | ||
| 596 | |a 1 | ||
| 650 | 0 | |a Intifada, 1987- |x Poetry | |
| 650 | 0 | |a Palestine in literature | |
| 650 | 0 | |a Arabic poetry |x History and criticism |y 20th century | |
| 651 | 0 | |a Palestine |x Poetry | |
| 655 | |a Theses, Facsimile edition (Islamic) | ||
| 700 | 1 | |a Jabr, Sirin Sa'di Mustafa | |
| 710 | 2 | |a Jami'at al-Najah al-Wataniyah. |b Kulliyat al-Dirasat al-'Ulya | |
| 710 | 2 | |a جامعة النجاح الوطنية. |b كلية الدراسات العليا | |
| 900 | |a arf-sar | ||
| 999 | |c 435387 |d 465375 | ||
| 952 | |0 0 |6 TI PJ 007542 I58 J11I 2006 |7 0 |8 THESES |9 754753 |a IIUM |b IIUM |c MULTIMEDIA |g 315.00 |o ti PJ 7542 I58 J11I 2006 |p 00011275935 |r 2017-10-23 |t 1 |v 315.00 |y THESIS | ||
